[Event "BL 0203 (Women)"]
[Site "Germany"]
[Date "2003.01.05"]
[Round "5.5"]
[White "Schuster, Birgit"]
[Black "Just, Anita"]
[Result "1/2-1/2"]
[WhiteElo "2108"]
[BlackElo "2001"]
[PlyCount "123"]
[EventDate "2002.10.12"]
[EventType "team-tourn"]
[EventRounds "11"]
[EventCountry "GER"]
[SourceTitle "EXT 2004"]
[Source "ChessBase"]
[SourceDate "2003.11.25"]
[SourceVersion "1"]
[SourceVersionDate "2003.11.25"]
[SourceQuality "1"]
[WhiteTeam "Leipzig Gohlis (W)"]
[BlackTeam "Leipzig WBA (W)"]
[WhiteTeamCountry "GER"]
[BlackTeamCountry "GER"]

1. e4 e6 2. d4 d5 3. Nd2 Nf6 4. e5 Nfd7 5. c3 c5 6. f4 Nc6 7. Ndf3 cxd4 8. cxd4 Bb4+ 9. Kf2 0-0 10. g3 f5 11. Bh3 Nb6 12. Ne2 Bd7 13. g4 fxg4 14. Bxg4 Rc8 15. h4 Be7 16. a3 Qe8 17. h5 Nd8 18. b3 Nf7 19. Bd2 Nh6 20. Bh3 Nf5 21. Ng3 Nxg3 22. Kxg3 Qf7 23. a4 Kh8 24. Bg4 Rg8 25. Rc1 Rxc1 26. Bxc1 Rc8 27. Qd3 Na8 28. Bd2 Nc7 29. Nh4 Bxh4+ 30. Rxh4 Na6 31. Bd1 Rf8 32. Bc2 Qf5 33. Qc3 Qf7 34. Qf3 Nb8 35. Bb4 Rc8 36. Rh2 Nc6 37. Bc3 Ne7 38. Bb4 Nf5+ 39. Bxf5 Qxf5 40. a5 Qb1 41. Kh4 Qf5 42. Bc5 a6 43. Rg2 h6 44. Qg3 Qf7 45. Qg4 Bb5 46. Rd2 Be8 47. b4 Bb5 48. Kg3 Rg8 49. Kf3 Be8 50. Rh2 Qd7 51. Ke3 Bf7 52. Qe2 Qa4 53. Rh1 Be8 54. Qb2 Qb5 55. Qb3 Qd7 56. Qd1 Qf7 57. Qg4 Bb5 58. Qg6 Be8 59. Qg4 Bb5 60. Rh2 Bd7 61. Qg6 Be8 62. Qg4 1/2-1/2

[Event "BL2 Ost 0102 (Women)"]
[Site "Germany"]
[Date "2002.03.03"]
[Round "7.4"]
[White "Pfau, Beate"]
[Black "Schuster, Birgit"]
[Result "0-1"]
[WhiteElo "1744"]
[BlackElo "2090"]
[PlyCount "108"]
[EventDate "2001.10.28"]
[EventType "team-tourn"]
[EventRounds "7"]
[EventCountry "GER"]
[SourceTitle "EXT 2003"]
[Source "ChessBase"]
[SourceDate "2002.11.25"]
[SourceVersion "1"]
[SourceVersionDate "2002.11.25"]
[SourceQuality "1"]
[WhiteTeam "Guben"]
[BlackTeam "Leipzig Gohlis"]
[WhiteTeamCountry "GER"]
[BlackTeamCountry "GER"]

1. c4 c6 2. Nf3 Nf6 3. Nc3 d5 4. e3 Nbd7 5. d4 e6 6. Bd3 Bd6 7. 0-0 0-0 8. Qc2 dxc4 9. Bxc4 e5 10. Bd2 Qe7 11. Rfe1 e4 12. Ng5 Bxh2+ 13. Kh1 Bb8 14. Ngxe4 Ng4 15. g3 Ndf6 16. Kg2 Nxe4 17. Qxe4 Qf6 18. Qf3 Qxf3+ 19. Kxf3 Nf6 20. Bd3 h6 21. Rac1 a6 22. a3 Be6 23. Kg2 Ba7 24. Ne2 Rad8 25. Bb4 Rfe8 26. Nf4 Bc8 27. Ba5 b6 28. Bc3 g5 29. Ne2 Bb7 30. Kg1 Nd5 31. Bb1 Nxc3 32. Nxc3 Kg7 33. Red1 Rd7 34. Bf5 Rde7 35. d5 cxd5 36. Nxd5 Re5 37. e4 Bxd5 38. Rxd5 Rxd5 39. exd5 Re5 40. g4 Rxd5 41. Rc7 Bb8 42. Rb7 Be5 43. Rxb6 Rd2 44. Rxa6 Rxb2 45. f3 Bd4+ 46. Kh1 Ra2 47. Be4 Bc5 48. a4 Be3 49. Ra8 Kf6 50. Ra5 Kg7 51. Ra8 Kf6 52. a5 Ke5 53. Rd8 Kf4 54. Bd5 Rb2 0-1

[Event "BL2 Ost 0102 (Women)"]
[Site "Germany"]
[Date "2002.03.02"]
[Round "6.4"]
[White "Schuster, Birgit"]
[Black "Liebs, Hannelore"]
[Result "1-0"]
[WhiteElo "2090"]
[BlackElo "1947"]
[PlyCount "79"]
[EventDate "2001.10.28"]
[EventType "team-tourn"]
[EventRounds "7"]
[EventCountry "GER"]
[SourceTitle "EXT 2003"]
[Source "ChessBase"]
[SourceDate "2002.11.25"]
[SourceVersion "1"]
[SourceVersionDate "2002.11.25"]
[SourceQuality "1"]
[WhiteTeam "Leipzig Gohlis"]
[BlackTeam "Goerlitz"]
[WhiteTeamCountry "GER"]
[BlackTeamCountry "GER"]

1. e4 c6 2. d4 d5 3. exd5 cxd5 4. c4 e6 5. Nf3 Nf6 6. Nc3 Nc6 7. c5 Ne4 8. Bf4 g5 9. Be3 g4 10. Nd2 Nxc3 11. bxc3 Qa5 12. Qc2 Bg7 13. Nb3 Qa4 14. Rd1 b6 15. Bd3 Ba6 16. 0-0 Bxd3 17. Qxd3 0-0 18. Qe2 h5 19. f3 Qc4 20. Qd2 Ne7 21. fxg4 hxg4 22. Bg5 Nf5 23. Bf4 Rac8 24. Rc1 Rfe8 25. Qd1 Rc6 26. Qxg4 Qd3 27. Rf3 Qe4 28. Nd2 Qe2 29. Qh3 Kf8 30. Rf2 Qa6 31. Nf3 bxc5 32. Ne5 Bxe5 33. Bxe5 Ke7 34. dxc5 Rxc5 35. Qh5 Qb7 36. Bd4 Rc6 37. Qg5+ Kd7 38. Qg4 Rec8 39. Qd1 Rg8 40. Qa4 1-0

[Event "BL2 Ost 0102 (Women)"]
[Site "Germany"]
[Date "2001.12.02"]
[Round "4.3"]
[White "Schuster, Birgit"]
[Black "Schrank, Marion"]
[Result "0-1"]
[WhiteElo "2090"]
[BlackElo "1844"]
[PlyCount "60"]
[EventDate "2001.10.28"]
[EventType "team-tourn"]
[EventRounds "7"]
[EventCountry "GER"]
[SourceTitle "EXT 2003"]
[Source "ChessBase"]
[SourceDate "2002.11.25"]
[SourceVersion "1"]
[SourceVersionDate "2002.11.25"]
[SourceQuality "1"]
[WhiteTeam "Leipzig Gohlis"]
[BlackTeam "Ruedersdorf"]
[WhiteTeamCountry "GER"]
[BlackTeamCountry "GER"]

1. e4 c5 2. Nf3 d6 3. d4 cxd4 4. Nxd4 Nf6 5. Nc3 a6 6. Bg5 Nbd7 7. f4 g6 8. Qf3 Bg7 9. 0-0-0 Qa5 10. g4 h6 11. Bxf6 Nxf6 12. h3 h5 13. g5 Nd7 14. Nb3 Qc7 15. Nd5 Qb8 16. Bg2 e6 17. Ne3 b5 18. e5 d5 19. Nxd5 exd5 20. Qxd5 Ra7 21. e6 Qxf4+ 22. Kb1 0-0 23. exd7 Rxd7 24. Qc5 Rc7 25. Qb6 Bf5 26. Rd2 Rfc8 27. Rc1 Qe5 28. Nd4 Qf4 29. Nxf5 Qxd2 30. Nxg7 Rxc2 0-1

[Event "BL2 Ost 0102 (Women)"]
[Site "Germany"]
[Date "2001.10.27"]
[Round "1.4"]
[White "Bade, Heidrun"]
[Black "Schuster, Birgit"]
[Result "0-1"]
[WhiteElo "2002"]
[BlackElo "2090"]
[PlyCount "100"]
[EventDate "2001.10.28"]
[EventType "team-tourn"]
[EventRounds "7"]
[EventCountry "GER"]
[SourceTitle "EXT 2003"]
[Source "ChessBase"]
[SourceDate "2002.11.25"]
[SourceVersion "1"]
[SourceVersionDate "2002.11.25"]
[SourceQuality "1"]
[WhiteTeam "Potsdam"]
[BlackTeam "Leipzig Gohlis"]
[WhiteTeamCountry "GER"]
[BlackTeamCountry "GER"]

1. e4 c5 2. Nf3 e6 3. d4 cxd4 4. Nxd4 Nc6 5. Be3 Nf6 6. Nd2 d5 7. Bb5 Qc7 8. exd5 Nxd5 9. Qe2 Be7 10. Nxc6 bxc6 11. Bd3 Nxe3 12. Qxe3 Rb8 13. Rb1 0-0 14. 0-0 c5 15. Nc4 Bb7 16. Rfe1 h6 17. Qh3 Rfd8 18. Re5 Rd4 19. Rh5 Qf4 20. Ne3 Bg5 21. Qg3 Qxg3 22. hxg3 g6 23. Rh3 Kg7 24. f4 Be7 25. Kf2 Bc6 26. b3 h5 27. Rd1 Bf6 28. Rhh1 Rbd8 29. Ke2 R4d7 30. g4 hxg4 31. Nxg4 Bxg2 32. Rhg1 Bc6 33. Nxf6 Kxf6 34. Ke3 Rh8 35. Rg3 Rdd8 36. a4 Rh2 37. Rdg1 Rh6 38. c3 Rdh8 39. Be2 Rh3 40. Bc4 Rxg3+ 41. Rxg3 Ke7 42. Bd3 a5 43. Be4 Bxe4 44. Kxe4 Rb8 45. c4 Rd8 46. Rh3 Kf6 47. Rh7 Rd4+ 48. Ke3 Ke7 49. Rh8 Rd8 50. Rh7 Rb8 0-1

[Event "Hessenliga 0102"]
[Site "Germany"]
[Date "2001.10.21"]
[Round "2.8"]
[White "Rohs, Peter"]
[Black "Schuster, Birgit"]
[Result "0-1"]
[WhiteElo "2098"]
[BlackElo "2090"]
[PlyCount "98"]
[EventDate "2001.10.??"]
[EventType "team"]
[EventRounds "9"]
[EventCountry "GER"]
[SourceTitle "EXT 2003"]
[Source "ChessBase"]
[SourceDate "2002.11.25"]
[SourceVersion "1"]
[SourceVersionDate "2002.11.25"]
[SourceQuality "1"]
[WhiteTeam "Hofheim II"]
[BlackTeam "Bensheim"]
[WhiteTeamCountry "GER"]
[BlackTeamCountry "GER"]

1. e4 c5 2. Nf3 e6 3. d4 cxd4 4. Nxd4 Nc6 5. Nc3 Qc7 6. Be3 a6 7. Be2 b5 8. Bf3 Bb7 9. Nxc6 Bxc6 10. 0-0 Bd6 11. g3 b4 12. Nb1 Nf6 13. Nd2 Be5 14. Rb1 h5 15. Bg2 Rc8 16. f4 Ng4 17. Qf3 Bf6 18. Rfd1 Bb5 19. Nb3 Nxe3 20. Qxe3 h4 21. g4 h3 22. Bf3 g5 23. f5 Be5 24. fxe6 Bxh2+ 25. Kh1 dxe6 26. Nd4 Bf4 27. Qe1 Qc5 28. Nxb5 axb5 29. Qe2 Ke7 30. c3 h2 31. cxb4 Qxb4 32. Rd3 Rc4 33. Rbd1 Rhc8 34. b3 Rc1 35. Rd7+ Ke8 36. R7d4 Rxd1+ 37. Rxd1 Qc5 38. Qd3 b4 39. Qd7+ Kf8 40. Be2 Qc2 41. Bf3 Rb8 42. Qd4 Qc3 43. Qf2 Ra8 44. Bg2 Rc8 45. Rf1 Rd8 46. Qb6 Rd2 47. Rxf4 gxf4 48. Qb8+ Kg7 49. Qxf4 Qc1+ 0-1

[Event "Hessenliga 0102"]
[Site "Germany"]
[Date "2001.09.23"]
[Round "1.8"]
[White "Schuster, Birgit"]
[Black "Zoefel, Peter"]
[Result "1-0"]
[WhiteElo "2090"]
[BlackElo "2070"]
[PlyCount "89"]
[EventDate "2001.10.??"]
[EventType "team"]
[EventRounds "9"]
[EventCountry "GER"]
[SourceTitle "EXT 2003"]
[Source "ChessBase"]
[SourceDate "2002.11.25"]
[SourceVersion "1"]
[SourceVersionDate "2002.11.25"]
[SourceQuality "1"]
[WhiteTeam "Bensheim"]
[BlackTeam "Marburg"]
[WhiteTeamCountry "GER"]
[BlackTeamCountry "GER"]

1. e4 e5 2. Nf3 Nf6 3. Nc3 Nc6 4. d4 exd4 5. Nxd4 Nxd4 6. Qxd4 d6 7. Bd2 Be7 8. f4 0-0 9. 0-0-0 c5 10. Qf2 Qc7 11. h3 a6 12. g4 b5 13. g5 Nd7 14. Nd5 Qd8 15. Bg2 Bb7 16. e5 Bxd5 17. Bxd5 Rb8 18. g6 hxg6 19. e6 fxe6 20. Bxe6+ Kh7 21. Rhg1 Bh4 22. Qg2 Rf6 23. Qg4 Rxe6 24. Qxe6 Nf8 25. Qd5 b4 26. f5 g5 27. Rg4 Kh8 28. Qf7 Nh7 29. Bf4 Qf8 30. Qxf8+ Rxf8 31. Bxd6 Rxf5 32. Bxc5 Nf6 33. Rc4 a5 34. Bb6 Rb5 35. Rc8+ Kh7 36. Bd4 Nh5 37. Ra8 Nf4 38. Kb1 Nxh3 39. Ra7 Rd5 40. Rxg7+ Kh6 41. Rg8 Kh5 42. c3 bxc3 43. bxc3 g4 44. Rh8+ Kg5 45. Be3+ 1-0

[Event "EU-Cup (Women) 05th"]
[Site "Halle"]
[Date "2000.09.30"]
[Round "7.2"]
[White "Skripchenko, Almira"]
[Black "Schuster, Birgit"]
[Result "1-0"]
[WhiteElo "2450"]
[BlackElo "2112"]
[PlyCount "77"]
[EventDate "2000.09.24"]
[EventType "team-swiss"]
[EventRounds "7"]
[EventCountry "GER"]
[SourceTitle "EXT 2013"]
[Source "ChessBase"]
[SourceDate "2012.11.22"]
[SourceVersion "1"]
[SourceVersionDate "2012.11.22"]
[SourceQuality "1"]
[WhiteTeam "Belgrade BAS (W)"]
[BlackTeam "Leipzig Gohlis (W)"]
[WhiteTeamCountry "YUG"]
[BlackTeamCountry "GER"]

1. e4 c5 2. Nf3 e6 3. d3 Nc6 4. c3 d5 5. Qe2 Nge7 6. g3 g6 7. Bg2 Bg7 8. 0-0 h6 9. h4 b6 10. Re1 a5 11. Nbd2 Ra7 12. e5 Qc7 13. Nf1 Ba6 14. N1h2 Kd8 15. Ng4 Kc8 16. Bd2 Nf5 17. Rab1 a4 18. Bf4 Qe7 19. Qd2 Rc7 20. b3 axb3 21. axb3 Kb8 22. Rb2 Ra7 23. Ne3 Qd7 24. Nxf5 gxf5 25. Ra1 Bb7 26. Rxa7 Kxa7 27. d4 cxd4 28. Nxd4 Nxe5 29. Ra2+ Kb8 30. Qe3 f6 31. Bf1 Kc8 32. Bb5 Qe7 33. Ra7 Qd6 34. Ba6 Bxa6 35. Rxa6 Rd8 36. Nb5 Qc5 37. Ra8+ Kd7 38. Ra7+ Kc8 39. Qxc5+ 1-0

[Event "EU-Cup (Women) 05th"]
[Site "Halle"]
[Date "2000.09.28"]
[Round "5.2"]
[White "Schuster, Birgit"]
[Black "Atalik, Ekaterina"]
[Result "1/2-1/2"]
[WhiteElo "2112"]
[BlackElo "2386"]
[PlyCount "125"]
[EventDate "2000.09.24"]
[EventType "team-swiss"]
[EventRounds "7"]
[EventCountry "GER"]
[SourceTitle "EXT 2013"]
[Source "ChessBase"]
[SourceDate "2012.11.22"]
[SourceVersion "1"]
[SourceVersionDate "2012.11.22"]
[SourceQuality "1"]
[WhiteTeam "Leipzig Gohlis (W)"]
[BlackTeam "St Petersburg (W)"]
[WhiteTeamCountry "GER"]
[BlackTeamCountry "RUS"]

1. e4 c6 2. d4 d5 3. exd5 cxd5 4. c4 Nf6 5. Nc3 e6 6. Nf3 Bb4 7. c5 0-0 8. Bd3 b6 9. cxb6 Qxb6 10. 0-0 Ba6 11. Bf4 Bxc3 12. bxc3 Nbd7 13. Rb1 Qa5 14. Bxa6 Qxa6 15. Qb3 Rfc8 16. Rfc1 Ne4 17. Qb7 Qxb7 18. Rxb7 Nb6 19. Ng5 Nxg5 20. Bxg5 Na4 21. Bd2 h6 22. Kf1 Nb6 23. Bf4 Nc4 24. Ke2 Rc6 25. a4 Ra6 26. Ra1 Rc8 27. Bb8 Rb6 28. Rb1 Rxb1 29. Rxb1 Nb6 30. Bxa7 Nxa4 31. Rb8 Rxb8 32. Bxb8 Nxc3+ 33. Kd3 Na4 34. Bd6 Nb2+ 35. Ke2 Nc4 36. Bb4 f6 37. f4 Kf7 38. Kf3 g5 39. g3 Kg6 40. h3 Kf5 41. Bf8 gxf4 42. gxf4 h5 43. Bb4 e5 44. fxe5 fxe5 45. dxe5 Nxe5+ 46. Kg3 Nd3 47. Bd2 Ne5 48. Bc1 Ng6 49. Kf3 d4 50. Bh6 h4 51. Bg7 Ne5+ 52. Ke2 Ke4 53. Bf6 d3+ 54. Kd1 Nf3 55. Bd8 Kf5 56. Be7 Kf4 57. Bd6+ Ke3 58. Bc5+ Nd4 59. Bb6 Ke4 60. Bd8 Nf3 61. Be7 Ke5 62. Bd8 Ke6 63. Bxh4 1/2-1/2

[Event "Hessenliga 9900"]
[Site "Hessen"]
[Date "2000.02.13"]
[Round "6.4"]
[White "Schiffer, Steve"]
[Black "Schuster, Birgit"]
[Result "1-0"]
[WhiteElo "2133"]
[BlackElo "2096"]
[PlyCount "81"]
[EventDate "1999.09.26"]
[EventType "team"]
[EventRounds "11"]
[EventCountry "GER"]
[SourceTitle "EXT 2002"]
[Source "ChessBase"]
[SourceDate "2001.11.25"]
[SourceVersion "1"]
[SourceVersionDate "2001.11.25"]
[SourceQuality "1"]

1. e4 c5 2. Nf3 e6 3. d4 cxd4 4. Nxd4 Nc6 5. Nc3 Qc7 6. Ndb5 Qb8 7. Be3 a6 8. Nd4 Qc7 9. a3 b5 10. Be2 Bb7 11. 0-0 Rc8 12. Kh1 Nf6 13. Nb3 Ne5 14. f4 Nc4 15. Bxc4 bxc4 16. Nd2 h5 17. Qe2 Be7 18. Bg1 h4 19. h3 Nh5 20. Bh2 Rh6 21. f5 Bd6 22. e5 Ng3+ 23. Bxg3 hxg3 24. Nf3 Bxf3 25. Qxf3 Bxe5 26. Rae1 d6 27. fxe6 Rxe6 28. Nd5 Qa7 29. Nf4 Re7 30. Qxg3 Rc5 31. Qg4 Kd8 32. b4 cxb3 33. cxb3 Qd7 34. Qd1 Qc6 35. Nd3 Rc2 36. Qg4 a5 37. Nxe5 dxe5 38. Qxg7 Qe6 39. Rf6 Qxb3 40. Qf8+ Kd7 41. Rd1+ 1-0

[Event "BL 0001 (Women)"]
[Site "Germany"]
[Date "2000.??.??"]
[Round "3.3"]
[White "Kiefhaber, Veronika"]
[Black "Schuster, Birgit"]
[Result "1-0"]
[WhiteElo "2233"]
[BlackElo "2112"]
[PlyCount "65"]
[EventDate "2000.10.??"]
[EventType "team-tourn"]
[EventRounds "11"]
[EventCountry "GER"]
[SourceTitle "CBM 082 Extra"]
[Source "ChessBase"]
[SourceDate "2001.07.03"]
[SourceVersion "1"]
[SourceVersionDate "2001.07.03"]
[SourceQuality "1"]
[WhiteTeam "Karlsruhe (W)"]
[BlackTeam "Leipzig Gohlis (W)"]
[WhiteTeamCountry "GER"]
[BlackTeamCountry "GER"]

1. e4 c5 2. c3 Nf6 3. e5 Nd5 4. d4 cxd4 5. Nf3 e6 6. cxd4 b6 7. Nc3 Nxc3 8. bxc3 Qc7 9. Bd2 d6 10. Bd3 Nd7 11. 0-0 dxe5 12. Ng5 Bb7 13. Qh5 g6 14. Qh3 Be7 15. Rfe1 Bxg5 16. Bxg5 f5 17. Qh6 Kf7 18. dxe5 Nxe5 19. Bf1 Ng4 20. Qh3 h6 21. Be3 e5 22. c4 Rad8 23. Rac1 Bc6 24. c5 b5 25. Rcd1 a6 26. Be2 Nxe3 27. Qxe3 f4 28. Qb3+ Kf6 29. Bg4 Qe7 30. Qa3 Qb7 31. Qc3 Qc7 32. Rd6+ Kg7 33. Qxe5+ 1-0

[Event "Hessenliga 9900"]
[Site "Hessen"]
[Date "1999.10.24"]
[Round "2.3"]
[White "Schuster, Birgit"]
[Black "Giesen, Dieter"]
[Result "0-1"]
[WhiteElo "2096"]
[BlackElo "2215"]
[PlyCount "100"]
[EventDate "1999.09.26"]
[EventType "team"]
[EventRounds "11"]
[EventCountry "GER"]
[SourceTitle "EXT 2002"]
[Source "ChessBase"]
[SourceDate "2001.11.25"]
[SourceVersion "1"]
[SourceVersionDate "2001.11.25"]
[SourceQuality "1"]

1. c4 c6 2. e4 d5 3. exd5 cxd5 4. d4 Nf6 5. Nc3 e6 6. Nf3 Be7 7. Bf4 0-0 8. c5 Ne4 9. Bd3 Nxc3 10. bxc3 b6 11. cxb6 axb6 12. Bxb8 Rxb8 13. 0-0 Ra8 14. a4 Ba6 15. Bb5 Qc7 16. Qb3 Bxb5 17. axb5 Rfc8 18. Ra6 f6 19. Rfa1 Rab8 20. Rc1 Qf4 21. Re1 Kf7 22. Re3 Rb7 23. Ne5+ fxe5 24. Rf3 Qxf3 25. gxf3 exd4 26. cxd4 Rc4 27. Qd3 g6 28. Qe3 Bf6 29. Ra8 Bxd4 30. Qh6 Bg7 31. Qxh7 Rcc7 32. f4 Kf6 33. Qh4+ Kf7 34. Kg2 Rd7 35. Qh7 d4 36. f5 exf5 37. Qg8+ Kf6 38. f4 d3 39. Re8 Rd6 40. Qb3 d2 41. Qd1 Kf7 42. Re3 Rd5 43. Kf3 Re7 44. Rxe7+ Kxe7 45. Ke3 Bc3 46. Kf2 Kd7 47. h4 Ba5 48. Kg3 Rc5 49. Qe2 Rc1 50. Qd3+ Kc8 0-1

[Event "EU-Cup (Women) 04th"]
[Site "Nova Gorica"]
[Date "1999.06.30"]
[Round "3.4"]
[White "Schuster, Birgit"]
[Black "Jelica, Mara"]
[Result "1-0"]
[WhiteElo "2084"]
[BlackElo "2239"]
[PlyCount "89"]
[EventDate "1999.06.28"]
[EventType "team-swiss"]
[EventRounds "7"]
[EventCountry "SLO"]
[SourceTitle "EXT 2013"]
[Source "ChessBase"]
[SourceDate "2012.11.22"]
[SourceVersion "1"]
[SourceVersionDate "2012.11.22"]
[SourceQuality "1"]
[WhiteTeam "Leipzig Gohlis (W)"]
[BlackTeam "Belisce (W)"]
[WhiteTeamCountry "GER"]
[BlackTeamCountry "CRO"]

1. e4 c5 2. Nf3 d6 3. d4 cxd4 4. Nxd4 Nf6 5. Nc3 a6 6. Bg5 e6 7. f4 Qb6 8. Nb3 Be7 9. Qf3 Nbd7 10. 0-0-0 Qc7 11. g4 b5 12. Bd3 Bb7 13. Rhe1 b4 14. Ne2 a5 15. Bxf6 Bxf6 16. g5 Be7 17. Nbd4 Nc5 18. Bb5+ Kf8 19. Ng3 g6 20. h4 a4 21. Kb1 e5 22. fxe5 dxe5 23. Rf1 Bxg5 24. hxg5 exd4 25. Qf6 Rg8 26. Rxd4 Qe7 27. Rxb4 Qxf6 28. Rxf6 Ra7 29. Bc4 Bc8 30. Rc6 Be6 31. Rxc5 Bxc4 32. Rbxc4 Kg7 33. Kc1 Rd8 34. Rc7 Ra5 35. R4c5 Ra6 36. e5 a3 37. b3 Re6 38. Ra7 h5 39. gxh6+ Kxh6 40. Rxa3 f5 41. exf6 Rxf6 42. Ra4 g5 43. Ra7 g4 44. Ra4 Rg6 45. Nf5+ 1-0

[Event "EU-Cup (Women) 04th"]
[Site "Nova Gorica"]
[Date "1999.06.29"]
[Round "2.4"]
[White "Khusnutdinova, Luiza"]
[Black "Schuster, Birgit"]
[Result "0-1"]
[WhiteElo "2171"]
[BlackElo "2084"]
[PlyCount "64"]
[EventDate "1999.06.28"]
[EventType "team-swiss"]
[EventRounds "7"]
[EventCountry "SLO"]
[SourceTitle "EXT 2013"]
[Source "ChessBase"]
[SourceDate "2012.11.22"]
[SourceVersion "1"]
[SourceVersionDate "2012.11.22"]
[SourceQuality "1"]
[WhiteTeam "Kazan Alisa (W)"]
[BlackTeam "Leipzig Gohlis (W)"]
[WhiteTeamCountry "RUS"]
[BlackTeamCountry "GER"]

1. d4 d5 2. c4 c6 3. Nf3 Nf6 4. Qc2 g6 5. Bf4 Bf5 6. Qb3 Qb6 7. e3 Bg7 8. Nc3 Nbd7 9. h3 0-0 10. Rc1 Rac8 11. c5 Qxb3 12. axb3 Ne4 13. Ne2 h5 14. Rg1 Nef6 15. Ng3 Be6 16. Ng5 h4 17. Ne2 Nh5 18. Bh2 Bf6 19. Nxe6 fxe6 20. f4 Ng7 21. g4 hxg3 22. Bxg3 Nf5 23. Kd2 Kf7 24. Bg2 Rh8 25. Ra1 a6 26. Raf1 Rb8 27. b4 b6 28. Rb1 bxc5 29. bxc5 Rb3 30. Bf2 Rhb8 31. Nc3 Rxb2+ 32. Kd3 Rxf2 0-1

[Event "BL 9899 (Women)"]
[Site "Germany"]
[Date "1999.01.17"]
[Round "8.6"]
[White "Schuster, Birgit"]
[Black "Schubert, Silke"]
[Result "1-0"]
[WhiteElo "2084"]
[BlackElo "2075"]
[PlyCount "89"]
[EventDate "1998.10.24"]
[EventType "team-tourn"]
[EventRounds "11"]
[EventCountry "GER"]
[SourceTitle "GER-chT"]
[Source "ChessBase"]
[SourceDate "1999.07.01"]
[SourceVersion "1"]
[SourceVersionDate "1999.07.01"]
[SourceQuality "1"]
[WhiteTeam "Leipzig Gohlis"]
[BlackTeam "Elberfeld (W)"]
[WhiteTeamCountry "GER"]
[BlackTeamCountry "GER"]

1. e4 c5 2. Nf3 e6 3. d4 cxd4 4. Nxd4 Nf6 5. Nc3 Nc6 6. Ndb5 Bb4 7. a3 Bxc3+ 8. Nxc3 d5 9. exd5 exd5 10. Bd3 d4 11. Ne2 0-0 12. 0-0 Ng4 13. Bf4 Re8 14. Qd2 Nge5 15. Bb5 Bg4 16. Rfe1 Bxe2 17. Bxe2 Qf6 18. Rad1 Qg6 19. b4 a6 20. a4 d3 21. cxd3 Nd4 22. Kf1 h6 23. Qc3 Nec6 24. Be3 Qd6 25. Kg1 Nxe2+ 26. Rxe2 Qxb4 27. Qa1 Qg4 28. Rc2 Re6 29. h3 Qh5 30. d4 Rg6 31. Kh2 Qd5 32. f3 Re8 33. Bf2 Qd6+ 34. Kh1 Nb4 35. Rcd2 Nd5 36. Qb2 b6 37. Bg1 Qd7 38. Qb3 Re3 39. Bxe3 Rg3 40. Bg1 Qe6 41. Qd3 Nf4 42. Qe4 Qf6 43. Bh2 Nh5 44. Re1 g6 45. Qe5 1-0

[Event "Hessenliga 9899"]
[Site "Hessen"]
[Date "1999.??.??"]
[Round "?"]
[White "Huss, Rolf"]
[Black "Schuster, Birgit"]
[Result "1/2-1/2"]
[WhiteElo "2220"]
[BlackElo "2105"]
[PlyCount "67"]
[EventDate "1998.10.??"]
[EventType "team"]
[EventRounds "11"]
[EventCountry "GER"]
[SourceTitle "EXT 2000"]
[Source "ChessBase"]
[SourceDate "1999.11.16"]
[SourceVersion "1"]
[SourceVersionDate "1999.11.16"]
[SourceQuality "1"]

1. c4 Nf6 2. Nc3 g6 3. d4 Bg7 4. g3 0-0 5. Bg2 d6 6. Nf3 c6 7. 0-0 Qa5 8. e4 Qh5 9. Re1 Bg4 10. e5 Nfd7 11. h3 Bxh3 12. Bxh3 Qxh3 13. Ng5 Qh5 14. f3 dxe5 15. Re4 exd4 16. Rh4 Qxh4 17. gxh4 dxc3 18. Qe2 Nc5 19. bxc3 Bxc3 20. Bb2 Bxb2 21. Qxb2 Nbd7 22. h5 f6 23. Nh3 Kf7 24. Qe2 e5 25. Rd1 Rad8 26. Qe3 Kg7 27. hxg6 hxg6 28. Rd6 Rh8 29. Nf2 Rh4 30. Ne4 Rdh8 31. Nxc5 Rh1+ 32. Kg2 R8h2+ 33. Kg3 Rh3+ 34. Kg2 1/2-1/2

[Event "GER-ch (Women)"]
[Site "Chemnitz"]
[Date "1999.??.??"]
[Round "8"]
[White "Paehtz, Elisabeth"]
[Black "Schuster, Birgit"]
[Result "1/2-1/2"]
[WhiteElo "2211"]
[BlackElo "2084"]
[PlyCount "29"]
[EventDate "1999.??.??"]
[EventType "swiss"]
[EventRounds "9"]
[EventCountry "GER"]
[SourceTitle "EXT 2004"]
[Source "ChessBase"]
[SourceDate "2003.11.25"]
[SourceVersion "1"]
[SourceVersionDate "2003.11.25"]
[SourceQuality "1"]

1. e4 c5 2. Nf3 e6 3. d4 cxd4 4. Nxd4 Nc6 5. Nb5 d6 6. c4 Nf6 7. N1c3 a6 8. Na3 Be7 9. Be2 b6 10. Be3 Qc7 11. 0-0 Bb7 12. Rc1 Nb8 13. f3 Nbd7 14. Kh1 0-0 15. Qe1 1/2-1/2

[Event "Hessenliga 9899"]
[Site "Hessen"]
[Date "1999.??.??"]
[Round "?"]
[White "Schuster, Birgit"]
[Black "Emmerich, Dirk"]
[Result "1/2-1/2"]
[WhiteElo "2105"]
[BlackElo "2215"]
[PlyCount "98"]
[EventDate "1998.10.??"]
[EventType "team"]
[EventRounds "11"]
[EventCountry "GER"]
[SourceTitle "EXT 2000"]
[Source "ChessBase"]
[SourceDate "1999.11.16"]
[SourceVersion "1"]
[SourceVersionDate "1999.11.16"]
[SourceQuality "1"]

1. e4 g6 2. d4 Bg7 3. f4 d6 4. Nf3 c5 5. c3 cxd4 6. cxd4 Nf6 7. Bd3 0-0 8. 0-0 Qb6 9. Kh1 Bg4 10. d5 Na6 11. Qe2 Nh5 12. Nc3 Nc5 13. Be3 Qa5 14. Rab1 Nxd3 15. Qxd3 Rac8 16. Nd4 Bd7 17. f5 Nf6 18. Rf4 Qb4 19. fxg6 fxg6 20. Ne6 Bxe6 21. dxe6 Qc4 22. Qxc4 Rxc4 23. Bxa7 g5 24. Rf3 Nxe4 25. Nd5 Nd2 26. Nxe7+ Kh8 27. Rxf8+ Bxf8 28. Rd1 Bxe7 29. Rxd2 Rc1+ 30. Bg1 Re1 31. g3 Kg7 32. Kg2 Kf6 33. Bd4+ Kxe6 34. Bc3 Re4 35. Kf3 d5 36. a3 g4+ 37. Kg2 Bc5 38. b4 Be3 39. Re2 Kf5 40. a4 d4 41. Bd2 Ke5 42. a5 Bxd2 43. Rxd2 Kd5 44. b5 Kc4 45. a6 bxa6 46. bxa6 Re7 47. Ra2 Ra7 48. Kf2 Kb3 49. Ra5 Kc2 1/2-1/2

[Event "Hessenliga 9899"]
[Site "Hessen"]
[Date "1999.??.??"]
[Round "?"]
[White "Schuster, Birgit"]
[Black "Majer, Damir"]
[Result "1-0"]
[WhiteElo "2105"]
[BlackElo "2295"]
[PlyCount "49"]
[EventDate "1998.10.??"]
[EventType "team"]
[EventRounds "11"]
[EventCountry "GER"]
[SourceTitle "EXT 2000"]
[Source "ChessBase"]
[SourceDate "1999.11.16"]
[SourceVersion "1"]
[SourceVersionDate "1999.11.16"]
[SourceQuality "1"]

1. e4 Nf6 2. e5 Nd5 3. d4 d6 4. c4 Nb6 5. exd6 exd6 6. Nc3 Be7 7. Bd3 0-0 8. Nge2 Nc6 9. 0-0 Bf6 10. Be3 Re8 11. Qd2 Nb4 12. Rac1 c6 13. b3 d5 14. Bb1 dxc4 15. Ne4 Nd3 16. Nxf6+ Qxf6 17. Rc3 Nb4 18. bxc4 Bg4 19. Ng3 h6 20. h3 Be6 21. Nh5 Qh4 22. Nxg7 Kxg7 23. Bxh6+ Kh8 24. Bg5 Qh5 25. Bf6+ 1-0